000 01142cam2a220025300 4500
001 tmp15683911
003 UPRA
005 20190823101813.0
008 951003s1958 enk eng u
035 _a(Sirsi) r56111
035 _a(UPRA)tmp15683911
040 _cUPRA
100 1 _aHarrington, Geoffrey.
_6A14813.1
245 1 0 _aPig carcass evaluation.
246 3 0 _aPig carcass evaluation
260 _aFarnham Royal :
_bCommonwealth Agricultural Bureaux,
_c[1958]
490 1 _aCommonwealth Bureau of Animal Breeding and Genetics (Edinburgh). Techniqcal communication ;
_vno. 12
504 _aBibliography: p. 85-107.
650 0 _aPerk-grading.
_6S10723.1
810 2 _aCommonwealth Bureau of Animal Breeding and Genetics. Technical communication ;
_tCommonwealth Bureau of Animal Breeding and Genetics. Technical communication ;
_vno. 12.
_6S2736.1
810 2 _aCommonwealth Bureau of Animal Breeding and Genetics. Techniqcal communication ;
_tCommonwealth Bureau of Animal Breeding and Genetics. Techniqcal communication ;
_vno. 12
_6S2736.2
949 _aSF395
_wlcc
_i33729000283320
_mMAIN
_p2500
_tBOOK
_lON-SHELF
004 56111
999 _c147509
_d147509